Statistiken für Ewige Tabelle der WM-Qualifikation (Europa)

Klicken Sie hier um das Quiz zu spielen!

Allgemein

  • Dieses Quiz wurde 499 mal gespielt
  • Das Durchschnittsergebnis liegt bei 18 aus 20

Antwortstatistiken

RangNationSpielePunkte% Korrekt
8.Deutschland92236
100%
7.Italien103237
98%
2.Spanien113258
98%
11.Frankreich107211
97%
5.Portugal135249
97%
4.England112253
96%
3.Schweden128257
95%
6.Belgien127243
94%
20.Jugoslawien84165
94%
1.Niederlande123267
94%
10.Schweiz128216
94%
14.Österreich121205
93%
15.Polen116201
93%
17.Dänemark120200
87%
18.Ungarn118194
85%
19.Griechenland122182
82%
16.Irland133201
82%
9.Rumänien124226
75%
12.Schottland123210
72%
13.Bulgarien129207
70%

Verteilung der Resultate

Perzentil nach korrekt beantworteten Fragen

Anzahl Personen mit jedem Resultat

Ihre Resultats-Entwicklung

Sie haben dieses Quiz noch nicht gespielt